[Event "WCGD 1st"]
[Site "Dresden"]
[Date "2011.10.28"]
[Round "5"]
[White "Ivanov, Michail"]
[Black "Gerasimova, Olga"]
[Result "1-0"]
[WhiteElo "1968"]
[BlackElo "2170"]
[PlyCount "49"]
[EventDate "2011.10.25"]
[EventType "swiss"]
[EventRounds "7"]
[EventCountry "GER"]
[SourceTitle "EXT 2012"]
[Source "ChessBase"]
[SourceDate "2011.11.24"]
[SourceVersion "1"]
[SourceVersionDate "2011.11.24"]
[SourceQuality "1"]

1. Nf3 Nf6 2. c4 g6 3. b3 c5 4. Bb2 Bg7 5. g3 Nc6 6. Bg2 0-0 7. 0-0 e6 8. d4 cxd4 9. Nxd4 Nxd4 10. Bxd4 d5 11. Qc2 Qc7 12. Na3 Bd7 13. Qb2 Ne8 14. cxd5 Bxd4 15. Qxd4 exd5 16. Bxd5 Ng7 17. Rfc1 Qa5 18. Nc4 Qa6 19. Ne5 Be6 20. Bxe6 Nxe6 21. Qb2 Qd6 22. Rd1 Qe7 23. Nd7 Rfd8 24. Nf6+ Kf8 25. Nd5 1-0

[Event "EU-ch Seniors 11th"]
[Site "Courmayeur"]
[Date "2011.04.11"]
[Round "6"]
[White "Ivanov, Michail"]
[Black "Maspero, Alfio"]
[Result "1-0"]
[WhiteElo "1935"]
[BlackElo "1417"]
[PlyCount "42"]
[EventDate "2011.04.06"]
[EventType "swiss"]
[EventRounds "9"]
[EventCountry "ITA"]
[SourceTitle "CBM 141 Extra"]
[Source "ChessBase"]
[SourceDate "2011.05.03"]
[SourceVersion "1"]
[SourceVersionDate "2011.05.03"]
[SourceQuality "1"]

1. e4 e5 2. Bc4 Be7 3. Nc3 Nf6 4. d3 0-0 5. Nge2 c6 6. Ng3 d5 7. Bb3 d4 8. Nce2 Be6 9. 0-0 Nbd7 10. f4 Nc5 11. fxe5 Nfd7 12. Bf4 f6 13. exf6 Bxf6 14. Nh5 Bxb3 15. axb3 Ne6 16. Qd2 c5 17. Rf3 Nxf4 18. Nxf6+ Rxf6 19. Rxf4 Qe7 20. Rxf6 Qxf6 21. Qf4 Qe5 1-0

[Event "EU-ch Seniors 11th"]
[Site "Courmayeur"]
[Date "2011.04.06"]
[Round "1"]
[White "Plachetka, Jan"]
[Black "Ivanov, Michail"]
[Result "1-0"]
[WhiteElo "2355"]
[BlackElo "1935"]
[PlyCount "37"]
[EventDate "2011.04.06"]
[EventType "swiss"]
[EventRounds "9"]
[EventCountry "ITA"]
[SourceTitle "CBM 141 Extra"]
[Source "ChessBase"]
[SourceDate "2011.05.03"]
[SourceVersion "1"]
[SourceVersionDate "2011.05.03"]
[SourceQuality "1"]

1. c4 e5 2. Nc3 Nc6 3. g3 Nf6 4. Bg2 d6 5. Rb1 Rb8 6. b4 Ne7 7. Qa4+ c6 8. b5 Bd7 9. d3 g6 10. Bg5 Bg7 11. Bxf6 Bxf6 12. Ne4 Nf5 13. Nxf6+ Qxf6 14. bxc6 0-0 15. cxd7 e4 16. Bxe4 Qc3+ 17. Kf1 Nd4 18. Qb4 Qc2 19. Qb2 1-0

[Event "Moscow op-E"]
[Site "Moscow"]
[Date "2011.02.05"]
[Round "8.245"]
[White "Ivanov, Michail"]
[Black "Kanaev, Sergey"]
[Result "1-0"]
[WhiteElo "1960"]
[BlackElo "1580"]
[PlyCount "39"]
[EventDate "2011.01.29"]
[EventType "swiss"]
[EventRounds "9"]
[EventCountry "RUS"]
[SourceTitle "EXT 2022"]
[Source "ChessBase"]
[SourceDate "2021.10.06"]
[SourceVersion "1"]
[SourceVersionDate "2021.10.06"]
[SourceQuality "1"]

1. e4 d5 2. exd5 Nf6 3. c4 c6 4. dxc6 Nxc6 5. Nc3 Bf5 6. Nf3 Qa5 7. a3 Rd8 8. b4 Nxb4 9. axb4 Qxa1 10. Be2 Qa6 11. 0-0 Bg4 12. c5 Bxf3 13. Bxf3 b5 14. Qe2 e6 15. Nxb5 Kd7 16. Bb2 Rb8 17. Ra1 Qc8 18. Rxa7+ Kd8 19. Qd3+ Ke8 20. Nc7+ 1-0

[Event "Leipzig VfB op 10th"]
[Site "Leipzig"]
[Date "2003.03.15"]
[Round "7"]
[White "Hesse, Peter"]
[Black "Ivanov, Michail"]
[Result "0-1"]
[WhiteElo "2322"]
[BlackElo "2442"]
[PlyCount "88"]
[EventDate "2003.03.11"]
[EventType "swiss"]
[EventRounds "9"]
[EventCountry "GER"]
[SourceTitle "EXT 2008"]
[Source "ChessBase"]
[SourceDate "2007.11.25"]
[SourceVersion "1"]
[SourceVersionDate "2007.11.25"]
[SourceQuality "1"]

1. d4 Nf6 2. Nf3 g6 3. c4 c5 4. dxc5 Na6 5. Nc3 Nxc5 6. g3 Bg7 7. Bg2 0-0 8. 0-0 d6 9. Nd4 Bd7 10. b3 Qc8 11. Re1 Bh3 12. Bh1 a5 13. Bb2 a4 14. Rc1 h5 15. b4 a3 16. Ba1 Ncd7 17. Qb3 h4 18. Ndb5 Bh6 19. Rc2 Ne5 20. Nd5 Nxd5 21. cxd5 Qd7 22. Nxa3 b5 23. Bxe5 dxe5 24. Rc6 Rfb8 25. Nc2 Qa7 26. a3 Bf5 27. Rd1 Qa4 28. Qxa4 Rxa4 29. e4 Bg4 30. f3 Bd7 31. Rc7 Rc8 32. Rxc8+ Bxc8 33. Bg2 Ra7 34. Bf1 Rc7 35. Bd3 h3 36. Kf2 Rc3 37. Ke2 f5 38. Ra1 fxe4 39. Bxe4 Bf5 40. Ra2 Kf7 41. Rb2 Bc1 42. Ra2 Bxe4 43. fxe4 Rxg3 44. Ne1 Bf4 0-1

[Event "Leipzig VfB op 10th"]
[Site "Leipzig"]
[Date "2003.03.11"]
[Round "1"]
[White "Reichstein, Frank"]
[Black "Ivanov, Michail"]
[Result "0-1"]
[WhiteElo "1798"]
[BlackElo "2442"]
[PlyCount "80"]
[EventDate "2003.03.11"]
[EventType "swiss"]
[EventRounds "9"]
[EventCountry "GER"]
[SourceTitle "EXT 2008"]
[Source "ChessBase"]
[SourceDate "2007.11.25"]
[SourceVersion "1"]
[SourceVersionDate "2007.11.25"]
[SourceQuality "1"]

1. Nf3 c5 2. g3 Nc6 3. Bg2 d5 4. d4 cxd4 5. Nxd4 Nf6 6. Nxc6 bxc6 7. 0-0 e6 8. c4 Be7 9. Nc3 0-0 10. cxd5 cxd5 11. e4 dxe4 12. Nxe4 Nd5 13. Bd2 Rb8 14. Nc3 Nf6 15. b3 Bb7 16. Be3 Qa5 17. Bxb7 Rxb7 18. Na4 Qf5 19. Kg2 Ng4 20. Qe2 Qe4+ 21. Kg1 Nxe3 22. Qxe3 Qxe3 23. fxe3 Bg5 24. Kf2 Rb5 25. Rad1 Re5 26. Rd3 Rc8 27. Re1 h5 28. Re2 h4 29. Nb2 h3 30. Nc4 Rf5+ 31. Ke1 Be7 32. Rf2 Rd5 33. Ke2 g5 34. Rf1 Kg7 35. Rfd1 Rcc5 36. e4 Rxd3 37. Rxd3 a5 38. Rd7 Bf6 39. Kd3 Be5 40. Ra7 Bxg3 0-1

[Event "Baunatal op 8th"]
[Site "Baunatal"]
[Date "2002.08.10"]
[Round "4"]
[White "Ivanov, Michail"]
[Black "Kersten, Uwe"]
[Result "0-1"]
[WhiteElo "2489"]
[BlackElo "2313"]
[PlyCount "88"]
[EventDate "2002.08.09"]
[EventType "swiss"]
[EventRounds "7"]
[EventCountry "GER"]
[SourceTitle "EXT 2003"]
[Source "ChessBase"]
[SourceDate "2002.11.25"]
[SourceVersion "1"]
[SourceVersionDate "2002.11.25"]
[SourceQuality "1"]

1. d4 Nf6 2. Bg5 e6 3. e4 h6 4. Bxf6 Qxf6 5. Nc3 d6 6. Qd2 e5 7. 0-0-0 c6 8. g3 exd4 9. Qxd4 Qxd4 10. Rxd4 Be7 11. Bg2 Nd7 12. Nge2 0-0 13. Kb1 Nc5 14. Nd1 f5 15. exf5 Bxf5 16. g4 Bd7 17. h3 Ne6 18. Rb4 b5 19. Nd4 d5 20. Nxe6 Bxb4 21. Nxf8 Rxf8 22. c3 Bc5 23. Re1 Rf4 24. Re2 Kf7 25. a3 a5 26. Kc2 b4 27. axb4 axb4 28. Ne3 Be6 29. cxb4 Bxb4 30. Nf5 Bf8 31. Kd3 c5 32. b3 Rb4 33. Rb2 d4 34. Kc2 g6 35. Ng3 Bg7 36. Rb1 c4 37. Ne4 cxb3+ 38. Kd3 Bc4+ 39. Kd2 Be5 40. Nc5 Bf4+ 41. Kd1 b2 42. Kc2 Rb5 43. Nd3 Bb3+ 44. Kxb2 Bc4+ 0-1

[Event "Oberliga Baden 0001"]
[Site "Baden"]
[Date "2001.01.28"]
[Round "5.1"]
[White "Weindl, Alfred"]
[Black "Ivanov, Michail"]
[Result "0-1"]
[WhiteElo "2353"]
[BlackElo "2461"]
[PlyCount "92"]
[EventDate "2000.10.15"]
[EventType "team"]
[EventRounds "9"]
[EventCountry "GER"]
[SourceTitle "EXT 2002"]
[Source "ChessBase"]
[SourceDate "2001.11.25"]
[SourceVersion "1"]
[SourceVersionDate "2001.11.25"]
[SourceQuality "1"]

1. e4 c5 2. Nf3 g6 3. d3 Bg7 4. g3 Nc6 5. Bg2 d6 6. 0-0 e5 7. c3 Nge7 8. a3 a5 9. a4 0-0 10. Na3 h6 11. Ne1 Be6 12. Be3 b6 13. Qd2 Kh7 14. f4 d5 15. Nf3 Qd7 16. f5 gxf5 17. exd5 Nxd5 18. Nh4 Nce7 19. Nc4 Rad8 20. Rae1 Nxe3 21. Qxe3 e4 22. Nxb6 Qxd3 23. Nxf5 Bxf5 24. Rxf5 Qxe3+ 25. Rxe3 Nxf5 26. Bxe4 Rd1+ 27. Kf2 Rd2+ 28. Re2 Rxe2+ 29. Kxe2 Re8 30. Kf3 Kg6 31. g4 Rxe4 32. Kxe4 Ne7 33. Nc4 Kg5 34. h3 Kh4 35. Nxa5 Kxh3 36. Kf3 Ng6 37. Nc4 Ne5+ 38. Nxe5 Bxe5 39. Ke4 Bd6 40. Kf5 Kg3 41. b3 Kf3 42. a5 Bc7 43. a6 Bb6 44. b4 cxb4 45. cxb4 Bd4 46. b5 Ke3 0-1

[Event "Oberliga Baden 0001"]
[Site "Baden"]
[Date "2000.12.10"]
[Round "3.1"]
[White "Ikonnikov, Vyacheslav"]
[Black "Ivanov, Michail"]
[Result "1/2-1/2"]
[WhiteElo "2548"]
[BlackElo "2461"]
[PlyCount "80"]
[EventDate "2000.10.15"]
[EventType "team"]
[EventRounds "9"]
[EventCountry "GER"]
[SourceTitle "EXT 2002"]
[Source "ChessBase"]
[SourceDate "2001.11.25"]
[SourceVersion "1"]
[SourceVersionDate "2001.11.25"]
[SourceQuality "1"]

1. d4 d6 2. Nf3 g6 3. c4 Bg7 4. e4 Bg4 5. Be2 Nc6 6. Be3 Bxf3 7. Bxf3 e5 8. d5 Nd4 9. Nc3 Ne7 10. Nb5 Nxf3+ 11. Qxf3 c6 12. Nc3 cxd5 13. cxd5 Qd7 14. 0-0 0-0 15. Qe2 a6 16. Rfc1 Rfc8 17. Rc2 f5 18. f3 Bf6 19. Rac1 f4 20. Bf2 g5 21. b3 Kf7 22. Na4 Rxc2 23. Rxc2 Rc8 24. Nb6 Rxc2 25. Qxc2 Qd8 26. h3 h5 27. a4 Ng8 28. Qc3 Be7 29. Qb4 g4 30. hxg4 hxg4 31. fxg4 Nf6 32. g5 Ng4 33. Nc4 Qh8 34. Nxd6+ Bxd6 35. Qxd6 Qh2+ 36. Kf1 Qh1+ 37. Ke2 Qxg2 38. Qd7+ Kg6 39. Qf5+ Kg7 40. Qd7+ Kg6 1/2-1/2

[Event "Oberliga Baden 0001"]
[Site "Baden"]
[Date "2000.10.15"]
[Round "1.1"]
[White "Ivanov, Michail"]
[Black "Wirthensohn, Heinz"]
[Result "1/2-1/2"]
[WhiteElo "2077"]
[BlackElo "2404"]
[PlyCount "75"]
[EventDate "2000.10.15"]
[EventType "team"]
[EventRounds "9"]
[EventCountry "GER"]
[SourceTitle "EXT 2002"]
[Source "ChessBase"]
[SourceDate "2001.11.25"]
[SourceVersion "1"]
[SourceVersionDate "2001.11.25"]
[SourceQuality "1"]

1. d4 Nf6 2. c4 e6 3. Nf3 d5 4. g3 Bb4+ 5. Bd2 a5 6. a3 Be7 7. Bg2 0-0 8. Qc2 Nc6 9. 0-0 Ne4 10. Be3 f5 11. Nc3 Bf6 12. Rfd1 Ne7 13. Ne5 b6 14. Rac1 Ba6 15. b3 Rc8 16. Nd3 g5 17. c5 Nc6 18. Nxe4 dxe4 19. Ne5 Ne7 20. f3 Nd5 21. Bf2 e3 22. Be1 bxc5 23. Bxa5 cxd4 24. Nd3 Bxd3 25. Rxd3 Qd6 26. Qc6 Qxa3 27. f4 Nc3 28. Rcxc3 dxc3 29. Bxc3 Bxc3 30. Qxc3 gxf4 31. gxf4 Rcd8 32. Rxe3 Rd7 33. Kf2 Qd6 34. Rg3+ Kf7 35. Rg7+ Ke8 36. Bc6 Kd8 37. Rxd7+ Qxd7 38. Bxd7 1/2-1/2

[Event "Tallinn m"]
[Site "Tallinn"]
[Date "2000.??.??"]
[Round "?"]
[White "Ivanov, Michail"]
[Black "Parnits, Rauno"]
[Result "0-1"]
[WhiteElo "2077"]
[BlackElo "2149"]
[PlyCount "46"]
[EventDate "2000.??.??"]
[EventType "match"]
[EventRounds "1"]
[EventCountry "EST"]
[SourceTitle "EXT 2001"]
[Source "ChessBase"]
[SourceDate "2000.11.22"]
[SourceVersion "1"]
[SourceVersionDate "2000.11.22"]
[SourceQuality "1"]

1. d4 d5 2. c4 Nc6 3. Nf3 Bg4 4. e3 e5 5. h3 Bxf3 6. Qxf3 Nf6 7. cxd5 Qxd5 8. Qxd5 Nxd5 9. dxe5 Nxe5 10. a3 0-0-0 11. f4 Ng6 12. Bc4 Bc5 13. Bxd5 Rxd5 14. b4 Bb6 15. Ke2 Nxf4+ 16. exf4 Re8+ 17. Kf3 Rd3+ 18. Kg4 h5+ 19. Kg5 Rg3+ 20. Kh4 Bf2 21. Ra2 Rg4+ 22. Kxh5 Rg6 23. Rxf2 Rh8# 0-1

[Event "Wichern op 5th"]
[Site "Hamburg"]
[Date "1999.10.16"]
[Round "2.24"]
[White "Ivanov, Michail"]
[Black "Grote, Dirk"]
[Result "1-0"]
[WhiteElo "2510"]
[BlackElo "2191"]
[PlyCount "85"]
[EventDate "1999.10.15"]
[EventType "swiss"]
[EventRounds "9"]
[EventCountry "GER"]
[SourceTitle "EXT 2001"]
[Source "ChessBase"]
[SourceDate "2000.11.22"]
[SourceVersion "1"]
[SourceVersionDate "2000.11.22"]
[SourceQuality "1"]

1. Nf3 Nf6 2. c4 g6 3. Nc3 Bg7 4. e4 d6 5. d4 0-0 6. h3 c5 7. d5 e6 8. Bd3 exd5 9. exd5 Na6 10. 0-0 Nc7 11. a4 b6 12. Bf4 Rb8 13. Nb5 Nxb5 14. axb5 Ra8 15. Qb3 Nh5 16. Bg5 Bf6 17. Bd2 a5 18. bxa6 Bxa6 19. Ra3 Qc7 20. Rfa1 Bb7 21. Ng5 Bd4 22. Qb5 Rxa3 23. Rxa3 Bc8 24. Ne4 Bd7 25. Qb3 Bf5 26. Nc3 Bd7 27. Ra6 Rb8 28. Qa3 Qd8 29. Ne2 Be5 30. f4 Bh8 31. b4 Be8 32. b5 Bd7 33. Bc2 Qe8 34. Qf3 Qd8 35. g4 Ng7 36. Nc3 f5 37. g5 Ne8 38. Na4 Bd4+ 39. Kg2 Bg7 40. Nxb6 Rxb6 41. Ba5 Bc8 42. Bxb6 Qe7 43. Ra8 1-0

[Event "Neckar op-A 3rd"]
[Site "Deizisau"]
[Date "1999.04.05"]
[Round "9"]
[White "Ivanov, Michail"]
[Black "Zhu, Chen"]
[Result "1/2-1/2"]
[WhiteElo "2495"]
[BlackElo "2485"]
[PlyCount "94"]
[EventDate "1999.04.??"]
[EventType "swiss"]
[EventRounds "8"]
[EventCountry "GER"]
[SourceTitle "EXT 2000"]
[Source "ChessBase"]
[SourceDate "1999.11.16"]
[SourceVersion "1"]
[SourceVersionDate "1999.11.16"]
[SourceQuality "1"]

1. d4 d5 2. c4 c6 3. Nf3 Nf6 4. Qc2 dxc4 5. e4 b5 6. b3 cxb3 7. axb3 e6 8. Bd2 Bb7 9. Ba5 Qc8 10. Nbd2 b4 11. e5 Nd5 12. Ne4 Nd7 13. Rc1 Be7 14. Bc4 N7b6 15. 0-0 0-0 16. Nfg5 g6 17. Qd2 Qd8 18. Bxd5 exd5 19. Nf6+ Bxf6 20. exf6 Qxf6 21. Bxb4 Rfe8 22. Rc3 Qg7 23. Rh3 h6 24. Nf3 Ba6 25. Ra1 Re2 26. Qd1 Bb5 27. Ne5 Re4 28. f3 Rf4 29. Bc5 Nc8 30. Qd2 Rf5 31. Rxh6 Rh5 32. Rxh5 gxh5 33. Qf4 f6 34. Re1 Nb6 35. Qf5 fxe5 36. Rxe5 Qh6 37. f4 Ba6 38. Re6 Bd3 39. Qh3 Qh7 40. Re5 Bg6 41. f5 Bf7 42. Re7 Qg7 43. Qh4 Re8 44. Rxa7 Re2 45. Qd8+ Kh7 46. g3 Re1+ 47. Kg2 Re8 1/2-1/2

[Event "RUS-ch Silent"]
[Site "Moscow"]
[Date "1999.??.??"]
[Round "?"]
[White "Grechihin, Valery"]
[Black "Ivanov, Michail"]
[Result "1-0"]
[WhiteElo "2279"]
[BlackElo "2510"]
[PlyCount "111"]
[EventDate "1999.??.??"]
[EventType "swiss"]
[EventRounds "9"]
[EventCountry "RUS"]
[SourceTitle "EXT 2006"]
[Source "ChessBase"]
[SourceDate "2005.11.24"]
[SourceVersion "1"]
[SourceVersionDate "2005.11.24"]
[SourceQuality "1"]

1. d4 d5 2. Bg5 h6 3. Bh4 c6 4. Nf3 Qb6 5. b3 Nd7 6. a3 Ngf6 7. e3 Ne4 8. Bd3 g5 9. Bg3 Bg7 10. 0-0 Ndf6 11. Be5 Bg4 12. c4 Rg8 13. Qc2 Qd8 14. Ne1 Bh5 15. f3 Nd6 16. c5 Nc8 17. g4 Bg6 18. Bxg6 fxg6 19. Qxg6+ Kd7 20. Nc3 e6 21. b4 Ne7 22. Qc2 Ne8 23. Bg3 Nc7 24. a4 Qe8 25. Nd3 Qg6 26. Qd2 h5 27. h3 hxg4 28. fxg4 Rh8 29. Kg2 Qh6 30. Rh1 Ng6 31. Raf1 Raf8 32. Rxf8 Rxf8 33. b5 Nh4+ 34. Bxh4 Qxh4 35. Qe2 Ne8 36. Rf1 Qh8 37. Rf3 Rxf3 38. Qxf3 Bf6 39. Qg3 e5 40. dxe5 Bd8 41. Qf3 Qg7 42. Qf5+ Ke7 43. Ne2 cxb5 44. axb5 Nc7 45. Nd4 Ke8 46. Qc8 Qg6 47. Nf2 b6 48. c6 Qf7 49. Nf5 Nxb5 50. Nd6+ Nxd6 51. exd6 a5 52. d7+ Ke7 53. c7 Qg8 54. Qb8 Kxd7 55. c8Q+ Ke7 56. Qe5+ 1-0